ARRUPE JESUIT UNIVERSITY

CORONAVIRUS -STOP THE SPREAD - CLEAN,DISINFECT,COVER

Communication (Record no. 14552)

MARC details
000 -LEADER
fixed length control field 00608nam a2200229Ia 4500
003 - CONTROL NUMBER IDENTIFIER
control field 0100
005 - DATE AND TIME OF LATEST TRANSACTION
control field 20170907114701.0
008 - FIXED-LENGTH DATA ELEMENTS--GENERAL INFORMATION
fixed length control field 130303s9999 xx 000 0 und d
020 ## - INTERNATIONAL STANDARD BOOK NUMBER
International Standard Book Number 316483141
040 ## - CATALOGING SOURCE
Transcribing agency ARRUPELIB
050 ## - LIBRARY OF CONGRESS CALL NUMBER
Classification number P90.K345 1983
300 ## - PHYSICAL DESCRIPTION
Dimensions 24cm.
100 ## - MAIN ENTRY--PERSONAL NAME
Personal name Katula, Richard
9 (RLIN) 35501
245 ## - TITLE STATEMENT
Title Communication
Remainder of title writing and speaking
Statement of responsibility, etc Richard A. Katula et al...
260 ## - PUBLICATION, DISTRIBUTION, ETC. (IMPRINT)
Name of publisher, distributor, etc Little Brown and Co.
Place of publication, distribution, etc Boston
Date of publication, distribution, etc 1988
300 ## - PHYSICAL DESCRIPTION
Extent xiv, 392p. ;
650 ## - SUBJECT ADDED ENTRY--TOPICAL TERM
Topical term following geographic name as entry element Communication
9 (RLIN) 11572
650 ## - SUBJECT ADDED ENTRY--TOPICAL TERM
Topical term following geographic name as entry element Rhetoric
9 (RLIN) 15927
700 ## - ADDED ENTRY--PERSONAL NAME
Personal name Martin, Celest A
9 (RLIN) 35502
700 ## - ADDED ENTRY--PERSONAL NAME
Personal name Schwegler, Robert A
9 (RLIN) 35725
942 00 - ADDED ENTRY ELEMENTS (KOHA)
Koha issues (borrowed), all copies 1
Source of classification or shelving scheme Library of Congress Classification
Koha item type Monograph ( Printed materials)
Holdings
Withdrawn status Lost status Source of classification or shelving scheme Damaged status Not for loan Collection code Home library Current library Shelving location Date acquired Total Checkouts Full call number Barcode Date last seen Date checked out Copy number Price effective from Koha item type
    Library of Congress Classification     Main Collection ARRUPE LIBRARY ARRUPE LIBRARY   04/03/2013 1 P90.K345 1983 46003053888 26/02/2019 29/01/2015 1 04/03/2013 Monograph ( Printed materials)
    Library of Congress Classification     Main Collection ARRUPE LIBRARY ARRUPE LIBRARY Main Collection 01/09/2017 1 P90.K345 1983 46500027995 16/09/2022 03/09/2022   01/09/2017 Monograph ( Printed materials)

 

Arrupe Library. PO Box MP320 Mt Pleasant, Harare, Zimbabwe
263 242 745411|librarian@aju.ac.zw